Cuadernos del sur (Record no. 52799)

MARC details
000 -LEADER
campo de control de longitud fija 01390aas a2200421 i 4500
001 - NÚMERO DE CONTROL
campo de control MOR01000052960
005 - FECHA Y HORA DE LA ÚLTIMA TRANSACCIÓN
campo de control 20260331125807.0
007 - CAMPO FIJO DE DESCRIPCIÓN FÍSICA--INFORMACIÓN GENERAL
campo de control de longitud fija ta
008 - DATOS DE LONGITUD FIJA--INFORMACIÓN GENERAL
campo de control de longitud fija 961002c19959999ag n p nbis 0 0spa d
022 ## - NÚMERO INTERNACIONAL NORMALIZADO PARA PUBLICACIONES SERIADAS
Número Internacional Normalizado para Publicaciones Seriadas 0070-1769
035 ## - NÚMERO DE CONTROL DEL SISTEMA
Número de control de sistema 961287
040 ## - FUENTE DE CATALOGACIÓN
Centro catalogador/agencia de origen mxcmmo
Lengua de catalogación spa
Normas de descripción rda
Centro/agencia transcriptor mxcmmo
041 0# - CÓDIGO DE IDIOMA
Código de lengua del texto/banda sonora o título independiente spa
043 ## - CÓDIGO DE ÁREA GEOGRÁFICA
Código de área geográfica cl-----
045 ## - PERIODO DE TIEMPO DEL CONTENIDO
Código de periodo de tiempo w0w9
082 04 - NÚMERO DE LA CLASIFICACIÓN DECIMAL DEWEY
Número de clasificación 970.04
Número de ítem CUA.s
245 00 - MENCIÓN DEL TÍTULO
Título Cuadernos del sur
264 #1 - PRODUCCIÓN, PUBLICACIÓN, DISTRIBUCIÓN, FABRICACIÓN Y COPYRIGHT
Producción, publicación, distribución, fabricación y copyright Argentina :
Nombre del de productor, editor, distribuidor, fabricante Universidad Nacional del Sur, Departamento de Humanidades,
Fecha de producción, publicación, distribución, fabricación o copyright 1995-
300 ## - DESCRIPCIÓN FÍSICA
Extensión volumen:
Otras características físicas ilustraciones, diagrs.;
Dimensiones 21 cm
310 ## - PERIODICIDAD ACTUAL
Periodicidad actual Irregular
336 ## - TIPO DE CONTENIDO
Término de tipo de contenido texto
Código de tipo de contenido txt
Fuente rdacontent
337 ## - TIPO DE MEDIO
Nombre/término del tipo de medio sin medio
Código del tipo de medio n
Fuente rdamedia
338 ## - TIPO DE SOPORTE
Nombre/término del tipo de soporte volumen
Código del tipo de soporte nc
Fuente rdacarrier
362 0# - FECHAS DE PUBLICACIÓN Y/O DESIGNACIÓN SECUENCIAL
Fecha de publicación y/o designación secuencial No. 25 (1995)-
504 ## - NOTA DE BIBLIOGRAFÍA, ETC.
Nota de bibliografía, etc. Nota Incluye bibliografías
651 #7 - PUNTO DE ACCESO ADICIONAL DE MATERIA--NOMBRE GEOGRÁFICO
Nombre geográfico Hispanoamérica
Subdivisión general Historia
Subdivisión cronológica Siglo XIX
Subdivisión general Publicaciones periódicas
9 (RLIN) 83957
710 2# - ENTRADA AGREGADA--NOMBRE DE ENTIDAD CORPORATIVA
Nombre de entidad corporativa o nombre de jurisdicción como elemento de entrada Universidad Nacional del Sur (Bahia Blanca, Argentina)
Unidad subordinada Instituto de Humanidades
9 (RLIN) 71317
900 ## - ELEMENTOS DE DATOS A LOCAL, LDA (RLIN)
Nombre de persona ACT
Numeración 40
Títulos y otros términos asociados al nombre 20050808
Lenguaje de la obra MOR01
-- 1208
900 ## - ELEMENTOS DE DATOS A LOCAL, LDA (RLIN)
Nombre de persona ALEPH14
Numeración 10
Títulos y otros términos asociados al nombre 20061103
Lenguaje de la obra MOR01
-- 1049
900 ## - ELEMENTOS DE DATOS A LOCAL, LDA (RLIN)
Nombre de persona BATCH-UPD
Numeración 00
Títulos y otros términos asociados al nombre 20120323
Lenguaje de la obra MOR01
-- 1742
900 ## - ELEMENTOS DE DATOS A LOCAL, LDA (RLIN)
Nombre de persona BATCH-UPD
Numeración 40
Títulos y otros términos asociados al nombre 20120321
Lenguaje de la obra MOR01
-- 1703
900 ## - ELEMENTOS DE DATOS A LOCAL, LDA (RLIN)
Nombre de persona BATCH
Numeración 00
Títulos y otros términos asociados al nombre 20120322
Lenguaje de la obra MOR01
-- 1726
900 ## - ELEMENTOS DE DATOS A LOCAL, LDA (RLIN)
Nombre de persona DYNIX
Numeración 00
Títulos y otros términos asociados al nombre 20030304
Lenguaje de la obra MOR01
-- 1720
900 ## - ELEMENTOS DE DATOS A LOCAL, LDA (RLIN)
Nombre de persona VOBO
Numeración 40
Títulos y otros términos asociados al nombre 20100528
Lenguaje de la obra MOR01
-- 1207
904 ## - ELEMENTOS DE DATOS D LOCAL, LDD (RLIN)
a UPDATE
942 ## - ELEMENTOS DE ENTRADA SECUNDARIOS (KOHA)
Código de la institución [OBSOLETO] SE
901 ## - ELEMENTOS DE DATOS A LOCAL LDA (RLIN)
a batch batch
Holdings
Estatus retirado Estado de pérdida Fuente del sistema de clasificación o colocación Estado de daño Restricciones de uso No para préstamo Colección Biblioteca de origen Biblioteca actual Ubicación en estantería Fecha de adquisición Fuente de adquisición Enumeración/cronología de publicación seriada Número de inventario Total de préstamos Signatura topográfica completa Código de barras Visto por última vez Precio de reemplazo Tipo de ítem Koha
    Clasificación Decimal Dewey   En sala   Publicaciones Periódicas (General) Biblioteca Nicolas Poussin Biblioteca Nicolas Poussin En sala 10/06/2003   No. 25; 1995 79044   (P)/970.04 CUA.s 33291000865101 03/09/2024 03/09/2024 Publicación periódica
    Clasificación Decimal Dewey   En sala   Publicaciones Periódicas (General) Biblioteca Nicolas Poussin Biblioteca Nicolas Poussin En sala 10/06/2003   No. 27; 1998     (P)/970.04 CUA.s 52960-30 03/09/2024 03/09/2024 Publicación periódica
    Clasificación Decimal Dewey   En sala   Publicaciones Periódicas (General) Biblioteca Nicolas Poussin Biblioteca Nicolas Poussin En sala 10/06/2003   No. 28; 1999     (P)/970.04 CUA.s 52960-40 03/09/2024 03/09/2024 Publicación periódica